Portal Characters - Statistics

General Stats
  • This quiz has been taken 1,068 times
  • The average score is 5 of 6
Answer Stats
Hint Answer % Correct
Main Villain, turns into a potato Glados
99%
Main Character, never speaks Chell
92%
Ally in Portal 2, turns evil afterwards Wheatley
89%
Founder of Aperture Labratories Cave Johnson
80%
Blue, short robot in multiplayer Atlas
75%
Orange, tall and skinny robot in multiplayer P-Body
69%
No matching quizzes found
Score Distribution
Percent of People with Each Score
Percentile by Number Answered
Your Score History
You have not taken this quiz